[Event "BCF-ch U14"]
[Site "Coventry"]
[Date "2015.08.03"]
[Round "3"]
[White "Redmond, Joshua"]
[Black "Velayudham, Kartik"]
[Result "1-0"]
[WhiteElo "1713"]
[BlackElo "1497"]
[PlyCount "125"]
[EventDate "2015.08.02"]
[EventType "swiss"]
[EventRounds "7"]
[EventCountry "ENG"]
[SourceTitle "CBM 167 Extra"]
[Source "ChessBase"]
[SourceDate "2015.09.14"]
[SourceVersion "1"]
[SourceVersionDate "2015.09.14"]
[SourceQuality "1"]

1. Nf3 Nf6 2. g3 g6 3. Bg2 Bg7 4. 0-0 0-0 5. d3 d5 6. Nbd2 c6 7. e4 dxe4 8. dxe4 Nfd7 9. Rb1 Nb6 10. b3 Qc7 11. Qe2 Be6 12. Ng5 Qc8 13. Nxe6 Qxe6 14. Bb2 Bxb2 15. Rxb2 Rd8 16. Rd1 Na6 17. Rbb1 Qf6 18. Nc4 Nxc4 19. Qxc4 e5 20. Rd3 Rxd3 21. cxd3 Rd8 22. Rd1 Rd4 23. Qc3 Qd6 24. Bf1 Qb4 25. Qxb4 Nxb4 26. a3 Nc2 27. a4 Rb4 28. Rc1 Nd4 29. f4 f6 30. Kf2 b6 31. Bh3 c5 32. Rc3 Rxb3 33. Rxb3 Nxb3 34. Be6+ Kf8 35. Bxb3 Ke7 36. Kf3 h6 37. f5 g5 38. Kg4 Kf8 39. Bc4 Kg7 40. a5 bxa5 41. h3 Kf8 42. h4 Kg7 43. hxg5 hxg5 44. Kf3 Kf8 45. Ke2 Ke7 46. Kd2 Kd7 47. Kc3 Kc6 48. Kb3 a4+ 49. Kxa4 Kb6 50. Bb5 c4 51. dxc4 a6 52. Bd7 Kc5 53. Be6 Kd4 54. Bd5 Kc5 55. Ka5 Kd4 56. Kxa6 Kc5 57. Ka7 Kd4 58. Kb6 Ke3 59. c5 Kf3 60. c6 Kxg3 61. c7 Kf4 62. c8Q g4 63. Qc1+ 1-0

[Event "BCF-ch Soanes op"]
[Site "Coventry"]
[Date "2015.08.01"]
[Round "2"]
[White "Velayudham, Kartik"]
[Black "Williams, Stephen"]
[Result "0-1"]
[WhiteElo "1497"]
[BlackElo "1750"]
[PlyCount "112"]
[EventDate "2015.07.31"]
[EventType "swiss"]
[EventRounds "5"]
[EventCountry "ENG"]
[SourceTitle "CBM 167 Extra"]
[Source "ChessBase"]
[SourceDate "2015.09.14"]
[SourceVersion "1"]
[SourceVersionDate "2015.09.14"]
[SourceQuality "1"]

1. e4 c6 2. d4 d5 3. Nc3 dxe4 4. Nxe4 Bf5 5. Ng3 Bg6 6. Nh3 Nf6 7. Nf4 Na6 8. c3 Nc7 9. h4 e6 10. h5 Bf5 11. Nxf5 exf5 12. Bc4 Qe7+ 13. Be3 0-0-0 14. Qf3 Qd7 15. 0-0-0 Nfd5 16. Nxd5 Nxd5 17. Bxd5 Qxd5 18. Qxd5 Rxd5 19. Bf4 Bd6 20. Bxd6 Rxd6 21. Rde1 Re6 22. Rxe6 fxe6 23. Kd2 Kd7 24. Ke3 Ke7 25. Kf4 Kf6 26. g3 Re8 27. Re1 Rd8 28. f3 Rd5 29. Re5 Rd7 30. g4 g5+ 31. hxg6 hxg6 32. g5+ Ke7 33. Ke3 Kd6 34. Kd3 Rh7 35. Re2 Rh3 36. Rf2 Rg3 37. Ke3 Rxg5 38. Kf4 Rh5 39. Rg2 g5+ 40. Rxg5 Rxg5 41. Kxg5 c5 42. Kf4 cxd4 43. cxd4 Kd5 44. Ke3 Kc4 45. b3+ Kc3 46. b4 Kxb4 47. Kf4 Kc4 48. Ke5 f4 49. Kxe6 Kxd4 50. a4 Ke3 51. Kd7 Kxf3 52. Kc7 Ke3 53. Kxb7 f3 54. a5 f2 55. a6 f1Q 56. Kxa7 Qb5 0-1

[Event "BCF-ch U13"]
[Site "Aberystwyth"]
[Date "2014.07.22"]
[Round "1"]
[White "Graham, Cassie M"]
[Black "Velayudham, Kartik"]
[Result "1/2-1/2"]
[WhiteElo "136"]
[BlackElo "115"]
[PlyCount "64"]
[EventDate "2014.07.22"]
[EventType "swiss"]
[EventRounds "7"]
[EventCountry "WLS"]
[SourceTitle "CBM 161 Extra"]
[Source "ChessBase"]
[SourceDate "2014.08.29"]
[SourceVersion "1"]
[SourceVersionDate "2014.08.29"]
[SourceQuality "1"]

1. e4 e5 2. Nf3 Nc6 3. d4 exd4 4. Bc4 Nf6 5. 0-0 Nxe4 6. Re1 d5 7. Bxd5 Qxd5 8. Nc3 Qh5 9. Nxe4 Be6 10. Bg5 h6 11. Bf6 Qd5 12. Bxd4 Nxd4 13. Qxd4 c6 14. Qxd5 cxd5 15. Ned2 0-0-0 16. Nb3 Bd6 17. Nfd4 Rhe8 18. Nxe6 Rxe6 19. Nd4 Re5 20. Nb5 Rxe1+ 21. Rxe1 a6 22. Nxd6+ Rxd6 23. Re7 Rd7 24. Re3 Kd8 25. f4 Re7 26. Rd3 Rd7 27. Rg3 f5 28. Kf2 Re7 29. Rd3 Rd7 30. Ke3 Ke7 31. Kd4 Kd6 32. Re3 Rc7 1/2-1/2